00571nam a2200229Ia 450000500170000000800460001702000180006303700100008104000080009104000080009904000080010704100080011504100080012308400080013110000250013924500640016426000220022826000220025026000090027265000120028185600480029320260121124827.0008 260114s9999 xx 000 0 eng d a9780812203417 aEBOOK aCRL beng cCRL 2eng aeng qCRL aoberg, Michael Leroy 4aThe Head in Edward Nugents Hand: Roanokes Forgotten Indians bWalter de Gruyter bWalter de Gruyter c2008 aHistory uhttp://www.degruyter.com/isbn/9780812203417